[Event "Istanbul op-A"]
[Site "Istanbul"]
[Date "2018.09.04"]
[Round "5"]
[White "Abishli, Oghuz Vagif"]
[Black "Aydin, Kaan Ayhan"]
[Result "1-0"]
[WhiteElo "2099"]
[BlackElo "1877"]
[PlyCount "63"]
[EventDate "2018.09.02"]
[EventType "swiss"]
[EventRounds "9"]
[EventCountry "TUR"]
[SourceTitle "CBM 186 Extra"]
[Source "ChessBase"]
[SourceDate "2018.08.24"]
[SourceVersion "1"]
[SourceVersionDate "2018.08.24"]
[SourceQuality "1"]

1. d4 Nf6 2. c4 e6 3. Nc3 Bb4 4. a3 Bxc3+ 5. bxc3 0-0 6. f3 d5 7. cxd5 exd5 8. e3 c5 9. Bd3 b6 10. Ne2 Ba6 11. 0-0 Bxd3 12. Qxd3 Nc6 13. e4 h6 14. e5 Nh7 15. f4 f5 16. dxc5 bxc5 17. Be3 c4 18. Qd2 Qa5 19. Rfd1 Rfd8 20. Rab1 Nf8 21. a4 Ne6 22. Qc2 Nc5 23. Qxf5 Rf8 24. Qg6 Rac8 25. Rxd5 Ne7 26. Rxc5 Rxc5 27. Qe6+ Rf7 28. Rb8+ Rc8 29. Rxc8+ Nxc8 30. Qxc8+ Kh7 31. Qxc4 Rc7 32. Qb5 1-0

[Event "Istanbul op-A"]
[Site "Istanbul"]
[Date "2018.09.04"]
[Round "4"]
[White "Aydin, Kaan Ayhan"]
[Black "Aliakbarov, Anar Samir Oglu"]
[Result "1/2-1/2"]
[WhiteElo "1877"]
[BlackElo "2322"]
[PlyCount "87"]
[EventDate "2018.09.02"]
[EventType "swiss"]
[EventRounds "9"]
[EventCountry "TUR"]
[SourceTitle "CBM 186 Extra"]
[Source "ChessBase"]
[SourceDate "2018.08.24"]
[SourceVersion "1"]
[SourceVersionDate "2018.08.24"]
[SourceQuality "1"]

1. e4 e5 2. Nf3 Nc6 3. Bb5 a6 4. Ba4 Nf6 5. 0-0 Be7 6. Re1 b5 7. Bb3 d6 8. c3 0-0 9. h3 Na5 10. Bc2 c5 11. d4 Qc7 12. Nbd2 cxd4 13. cxd4 Bb7 14. Nf1 Rac8 15. Bd3 d5 16. dxe5 Nxe4 17. Bf4 Qb6 18. Ne3 Nc4 19. Qe2 Bb4 20. Rf1 f5 21. Nh4 Nxe3 22. Bxe3 Bc5 23. Bxc5 Qxc5 24. Rac1 Qe7 25. Nf3 d4 26. a4 Ng5 27. Nxg5 Rxc1 28. Rxc1 Qxg5 29. f4 Qxf4 30. Rc7 Be4 31. axb5 axb5 32. Bxb5 Qxe5 33. Rd7 Kh8 34. Qc4 d3 35. Qd4 Qg3 36. Qf2 Qxf2+ 37. Kxf2 Rb8 38. Bxd3 Rxb2+ 39. Ke3 h5 40. Bxe4 fxe4 41. Rd2 Rb1 42. Kxe4 Rf1 43. Rd5 g6 44. Rd7 1/2-1/2

[Event "Istanbul op-A"]
[Site "Istanbul"]
[Date "2018.09.03"]
[Round "3"]
[White "Aydin, Kaan Ayhan"]
[Black "Ozkan, Taha"]
[Result "1-0"]
[WhiteElo "1877"]
[BlackElo "1997"]
[PlyCount "57"]
[EventDate "2018.09.02"]
[EventType "swiss"]
[EventRounds "9"]
[EventCountry "TUR"]
[SourceTitle "CBM 186 Extra"]
[Source "ChessBase"]
[SourceDate "2018.08.24"]
[SourceVersion "1"]
[SourceVersionDate "2018.08.24"]
[SourceQuality "1"]

1. e4 c5 2. Nf3 e6 3. d4 cxd4 4. Nxd4 Qb6 5. Nb5 a6 6. Be3 Qa5+ 7. N5c3 Nf6 8. Nd2 Qc7 9. Nc4 Nc6 10. Bb6 Qb8 11. Qe2 Ne5 12. 0-0-0 Be7 13. Ne3 d6 14. f4 Ned7 15. Nc4 0-0 16. e5 Ne8 17. Bd4 b5 18. exd6 Nxd6 19. Nxd6 Bxd6 20. g3 Bb7 21. Bg2 Rd8 22. Bxb7 Qxb7 23. Rhe1 Bf8 24. Ne4 Rac8 25. Ng5 Nc5 26. Bxc5 Rxd1+ 27. Rxd1 Rxc5 28. Qe4 Qc7 29. Qxh7# 1-0

[Event "TUR-chT 2nd League"]
[Site "Konya"]
[Date "2018.07.19"]
[Round "6.10"]
[White "Aydin, Kaan Ayhan"]
[Black "Koksal, Recep"]
[Result "0-1"]
[WhiteElo "1910"]
[BlackElo "1763"]
[PlyCount "80"]
[EventDate "2018.07.16"]
[EventType "team-swiss"]
[EventRounds "9"]
[EventCountry "TUR"]
[SourceTitle "EXT 2019"]
[Source "ChessBase"]
[SourceDate "2018.10.10"]
[SourceVersion "1"]
[SourceVersionDate "2018.10.10"]
[SourceQuality "1"]
[WhiteTeam "Marmara Universitesi"]
[BlackTeam "Samsun Gercek"]
[WhiteTeamCountry "TUR"]
[BlackTeamCountry "TUR"]

1. e4 d5 2. exd5 Qxd5 3. Nc3 Qd6 4. d4 Nf6 5. Nge2 c6 6. Bf4 Qd8 7. Qd2 e6 8. 0-0-0 Bd6 9. Bg5 Nbd7 10. Ng3 Qa5 11. Bc4 Bb4 12. Bb3 Bxc3 13. bxc3 Nd5 14. Kb2 Nxc3 15. Qxc3 Qxg5 16. f4 Qg4 17. h3 Qxf4 18. Rhf1 Qh6 19. d5 cxd5 20. Qb4 a5 21. Qa3 Nb6 22. Qd6 Ra6 23. Qc5 Bd7 24. a4 Qh4 25. Qe3 Nc4+ 26. Bxc4 Qxc4 27. Rd4 Rb6+ 28. Kc1 Qa2 29. Rxf7 Qb2+ 30. Kd2 Kxf7 31. Qf4+ Ke8 32. Nh5 Rg8 33. Qb8+ Ke7 34. Qe5 Rb4 35. Qg5+ Kd6 36. Qg3+ Kc6 37. Rd3 Rc4 38. Nf4 Qxc2+ 39. Ke1 Qc1+ 40. Ke2 Qxf4 0-1

[Event "Manavgat Turkey Cup"]
[Site "Manavgat"]
[Date "2015.02.04"]
[Round "7"]
[White "Rzayev, Askar Aliakbar"]
[Black "Aydin, Kaan Ayhan"]
[Result "0-1"]
[WhiteElo "2065"]
[BlackElo "1892"]
[PlyCount "44"]
[EventDate "2015.01.31"]
[EventType "swiss"]
[EventRounds "11"]
[EventCountry "TUR"]
[SourceTitle "CBM 164 Extra"]
[Source "ChessBase"]
[SourceDate "2015.03.02"]
[SourceVersion "1"]
[SourceVersionDate "2015.03.02"]
[SourceQuality "1"]

1. d4 c5 2. e4 cxd4 3. c3 dxc3 4. Nxc3 a6 5. Nf3 e6 6. Bc4 b5 7. Bb3 Bb7 8. Qe2 d6 9. 0-0 Nd7 10. Rd1 Ngf6 11. a3 Be7 12. Bf4 Nc5 13. Bc2 0-0 14. b4 Ncd7 15. Bxd6 Bxd6 16. Rxd6 Qc7 17. Rd3 Rac8 18. Nd2 Ne5 19. Rh3 Ng6 20. Qe3 Nf4 21. Rg3 Qxc3 22. Qxf4 Qxa1+ 0-1

[Event "Manavgat Turkey Cup"]
[Site "Manavgat"]
[Date "2015.02.03"]
[Round "6"]
[White "Aydin, Kaan Ayhan"]
[Black "Arat, Yagiz"]
[Result "1-0"]
[WhiteElo "1892"]
[BlackElo "1795"]
[PlyCount "98"]
[EventDate "2015.01.31"]
[EventType "swiss"]
[EventRounds "11"]
[EventCountry "TUR"]
[SourceTitle "CBM 164 Extra"]
[Source "ChessBase"]
[SourceDate "2015.03.02"]
[SourceVersion "1"]
[SourceVersionDate "2015.03.02"]
[SourceQuality "1"]

1. e4 d5 2. exd5 Qxd5 3. Nc3 Qd8 4. d4 Nf6 5. Bd3 e6 6. Bg5 Bb4 7. Nge2 c6 8. 0-0 Nbd7 9. a3 Be7 10. Ng3 h6 11. Be3 Nb6 12. Nce4 Nbd5 13. Bd2 Nxe4 14. Nxe4 Nf6 15. c3 Bd6 16. Nxd6+ Qxd6 17. Qf3 0-0 18. Bxh6 e5 19. dxe5 Qxe5 20. Bf4 Qd5 21. Qxd5 Nxd5 22. Bg3 Be6 23. Bc2 Nb6 24. b3 a5 25. Rfe1 a4 26. bxa4 Nxa4 27. Be5 Rfc8 28. Re3 Nb2 29. Rg3 g6 30. Bf6 Nc4 31. a4 b5 32. f4 Nd6 33. a5 Ne8 34. Be5 Kf8 35. Be4 Ra6 36. Bd4 Rca8 37. Bc5+ Kg7 38. f5 Bd5 39. Bd4+ Kg8 40. Bxd5 cxd5 41. fxg6 f6 42. Rf1 Rxa5 43. Bxf6 Ra1 44. Bd4 Rxf1+ 45. Kxf1 Ra6 46. g7 Rh6 47. Rf3 Nxg7 48. Rg3 Rxh2 49. Rxg7+ Kf8 1-0

[Event "Skopje Karposh op"]
[Site "Skopje"]
[Date "2014.03.29"]
[Round "1"]
[White "Radovanovic, Dusan"]
[Black "Aydin, Kaan Ayhan"]
[Result "1-0"]
[WhiteElo "2379"]
[BlackElo "1795"]
[PlyCount "65"]
[EventDate "2014.03.29"]
[EventType "swiss"]
[EventRounds "9"]
[EventCountry "MKD"]
[SourceTitle "CBM 159 Extra"]
[Source "ChessBase"]
[SourceDate "2014.04.24"]
[SourceVersion "1"]
[SourceVersionDate "2014.04.24"]
[SourceQuality "1"]

1. d4 Nf6 2. Bg5 Ne4 3. Bf4 c5 4. f3 Qa5+ 5. c3 Nf6 6. d5 d6 7. e4 g6 8. Na3 Bg7 9. Nc4 Qd8 10. a4 Nbd7 11. Ne2 Nb6 12. Na3 Bd7 13. a5 Nc8 14. Nc4 Nh5 15. Be3 b5 16. axb6 Nxb6 17. Na5 0-0 18. Ng3 Nxg3 19. hxg3 f5 20. Bd3 Be5 21. f4 Bg7 22. 0-0 Qe8 23. Re1 Na4 24. Bc1 Nb6 25. exf5 gxf5 26. Be2 Qg6 27. Kf2 Nc8 28. Bh5 Qf6 29. Bf3 Rb8 30. Nc6 Bxc6 31. Re6 Ba4 32. Rxa4 Qf7 33. Bh5 1-0

[Event "Kemer Turkey Cup"]
[Site "Kemer"]
[Date "2014.02.02"]
[Round "3"]
[White "Aydin, Kaan Ayhan"]
[Black "Altun, Ahmet"]
[Result "1-0"]
[WhiteElo "1829"]
[BlackElo "1477"]
[PlyCount "181"]
[EventDate "2014.02.01"]
[EventType "swiss"]
[EventRounds "9"]
[EventCountry "TUR"]
[SourceTitle "CBM 158 Extra"]
[Source "ChessBase"]
[SourceDate "2014.02.28"]
[SourceVersion "1"]
[SourceVersionDate "2014.02.28"]
[SourceQuality "1"]

1. d4 d5 2. Bg5 Nf6 3. e3 e6 4. Bd3 Bd6 5. Nd2 Nbd7 6. f4 h6 7. Bh4 c5 8. c3 b6 9. Ngf3 Bb7 10. 0-0 0-0 11. Ne5 Be7 12. Ndf3 Ne4 13. Bxe7 Qxe7 14. Nxd7 Qxd7 15. Ne5 Qe7 16. Rf3 Kh7 17. Rh3 f6 18. Nf3 g6 19. Nh4 g5 20. Ng6 Kxg6 21. Qh5+ Kg7 22. Qxh6+ Kf7 23. Qh5+ Kg8 24. Qh8+ Kf7 25. Rh7+ Kg6 26. Rxe7 Rxh8 27. Rxb7 c4 28. Bc2 Rh7 29. Rxh7 Kxh7 30. fxg5 fxg5 31. Rf1 Kg7 32. Bxe4 dxe4 33. h4 gxh4 34. Rf4 Rh8 35. Rxe4 Kf6 36. Kh2 Rh5 37. Kh3 Ra5 38. a3 Rb5 39. Rf4+ Kg5 40. Rf2 e5 41. Rd2 exd4 42. exd4 Rd5 43. Re2 Kf4 44. Kxh4 b5 45. Re5 Rd8 46. g3+ Kf3 47. Rf5+ Ke4 48. Rxb5 Rh8+ 49. Kg5 Rg8+ 50. Kf6 Rxg3 51. Ke6 Rg6+ 52. Kd7 Kd3 53. d5 a6 54. Rb4 Ke4 55. Rxc4+ Kxd5 56. Rd4+ Kc5 57. b4+ Kb5 58. Rd5+ Ka4 59. Rd6 Rg7+ 60. Kc8 Kb5 61. a4+ Kxa4 62. Rxa6+ Kb5 63. Ra5+ Kc6 64. Rc5+ Kb6 65. Kd8 Rf7 66. Re5 Ra7 67. Re6+ Kb5 68. Re7 Ra3 69. Rb7+ Kc6 70. Rc7+ Kb5 71. Rc5+ Kb6 72. Kd7 Ra1 73. Rc6+ Kb5 74. Rc5+ Kb6 75. Rd5 Re1 76. c4 Rh1 77. Rb5+ Ka6 78. Ra5+ Kb6 79. c5+ Kb7 80. Rb5+ Ka6 81. Ra5+ Kb7 82. Rb5+ Ka6 83. Rb6+ Ka7 84. Kc6 Rh6+ 85. Kc7 Rh7+ 86. Kc6 Rh6+ 87. Kb5 Rh5 88. Rg6 Kb7 89. Rg7+ Kb8 90. Kb6 Rh6+ 91. c6 1-0